5HLuxD.jpg

KING HENRY VIII SENIOR AND PRIMARY SCHOOL LIBRARY OPAC

Economics for Cambridge international AS & A level : (Record no. 2517)

000 -LEADER
fixed length control field 01298nam a2200361 i 4500
001 - CONTROL NUMBER
control field 022592092
003 - CONTROL NUMBER IDENTIFIER
control field UkOxU
005 - DATE AND TIME OF LATEST TRANSACTION
control field 20230704151539.0
008 - FIXED-LENGTH DATA ELEMENTS--GENERAL INFORMATION
fixed length control field 210712s2021 enka 000 0 eng c
020 ## - INTERNATIONAL STANDARD BOOK NUMBER
International Standard Book Number 9781108822794
Qualifying information paperback
035 ## - SYSTEM CONTROL NUMBER
System control number (StEdALDL)1/4061032
040 ## - CATALOGING SOURCE
Original cataloging agency UkOxU
Language of cataloging eng
Description conventions rda
Transcribing agency UkOxU
Modifying agency KH8
042 ## - AUTHENTICATION CODE
Authentication code ukscp
049 ## - LOCAL HOLDINGS (OCLC)
Holding library CROBAR
082 ## - DEWEY DECIMAL CLASSIFICATION NUMBER
Edition number 330 BAM
100 1# - MAIN ENTRY--PERSONAL NAME
Personal name Bamford, C. G.
Fuller form of name (Colin Grahame),
Relator term author.
245 10 - TITLE STATEMENT
Title Economics for Cambridge international AS & A level :
Remainder of title workbook /
Statement of responsibility, etc. Colin Bamford.
246 3# - VARYING FORM OF TITLE
Title proper/short title Economics for Cambridge international Advanced Supplementary & Advanced level
250 ## - EDITION STATEMENT
Edition statement Second edition.
264 #1 - PRODUCTION, PUBLICATION, DISTRIBUTION, MANUFACTURE, AND COPYRIGHT NOTICE
Place of production, publication, distribution, manufacture Cambridge :
Name of producer, publisher, distributor, manufacturer Cambridge University Press,
Date of production, publication, distribution, manufacture, or copyright notice 2021.
264 #4 - PRODUCTION, PUBLICATION, DISTRIBUTION, MANUFACTURE, AND COPYRIGHT NOTICE
Date of production, publication, distribution, manufacture, or copyright notice ©2021
300 ## - PHYSICAL DESCRIPTION
Extent xi, 204 pages :
Other physical details illustrations ;
Dimensions 28 cm
336 ## - CONTENT TYPE
Content type term text
Source rdacontent
336 ## - CONTENT TYPE
Content type term still image
Source rdacontent
337 ## - MEDIA TYPE
Media type term unmediated
Source rdamedia
338 ## - CARRIER TYPE
Carrier type term volume
Source rdacarrier
500 ## - GENERAL NOTE
General note "Digital Access"--Cover.
506 1# - RESTRICTIONS ON ACCESS NOTE
Terms governing access Digital access via access code is available to purchaser of workbook, which will be available for 2 years.
650 #0 - SUBJECT ADDED ENTRY--TOPICAL TERM
Topical term or geographic name entry element Economics
Form subdivision Examinations, questions, etc.
650 #0 - SUBJECT ADDED ENTRY--TOPICAL TERM
Topical term or geographic name entry element Advanced supplementary examinations
Form subdivision Study guides.
650 #0 - SUBJECT ADDED ENTRY--TOPICAL TERM
Topical term or geographic name entry element A-level examinations
General subdivision Study guides.
942 ## - ADDED ENTRY ELEMENTS (KOHA)
Source of classification or shelving scheme
Koha item type Teaching Resources
Holdings
Withdrawn status Lost status Source of classification or shelving scheme Damaged status Not for loan Collection code Permanent Location Current Location Shelving location Date acquired Total Checkouts Full call number Barcode Date due Date last seen Date last checked out Price effective from Koha item type
          Teaching Resources KH8 Senior School Library KH8 Senior School Library Staff Office 2023-07-04 2 330 BAM TRKHSL000547 2026-07-19 2025-08-19 2025-08-19 2023-07-04 Teaching Resources

Powered By KH8 IT Dept